header

Violence between intimate partners : (Record no. 258865)

MARC details
000 -LEADER
fixed length control field 00742nam a22002057a 4500
003 - CONTROL NUMBER IDENTIFIER
control field OSt
005 - DATE AND TIME OF LATEST TRANSACTION
control field 20200722113215.0
008 - FIXED-LENGTH DATA ELEMENTS--GENERAL INFORMATION
fixed length control field 200722b xxu||||| |||| 00| 0 eng d
010 ## - LIBRARY OF CONGRESS CONTROL NUMBER
LC control number 96006862
020 ## - INTERNATIONAL STANDARD BOOK NUMBER
International Standard Book Number 0023192135
040 ## - CATALOGING SOURCE
Transcribing agency n/a
050 ## - LIBRARY OF CONGRESS CALL NUMBER
Classification number HV 6626
Item number .V55 1997
245 ## - TITLE STATEMENT
Title Violence between intimate partners :
Remainder of title patterns, causes, and effects
Statement of responsibility, etc edited by Albert P. Cardarelli.
260 ## - PUBLICATION, DISTRIBUTION, ETC. (IMPRINT)
Place of publication, distribution, etc Boston :
Name of publisher, distributor, etc Allyn & Bacon,
Date of publication, distribution, etc c1997.
300 ## - PHYSICAL DESCRIPTION
Extent x, 230 p. ;
Dimensions 23 cm.
504 ## - BIBLIOGRAPHY, ETC. NOTE
Bibliography, etc Includes bibliographical references (p. 187-218) and index.
650 ## - SUBJECT ADDED ENTRY--TOPICAL TERM
Topical term or geographic name as entry element Wife abuse. Dating violence. Gays . Abusive men. Abused women.
General subdivision Abuse of
700 ## - ADDED ENTRY--PERSONAL NAME
Personal name Cardarelli, Albert P.
942 ## - ADDED ENTRY ELEMENTS (KOHA)
Source of classification or shelving scheme Library of Congress Classification
Koha item type Long Loan Books
Holdings
Withdrawn status Lost status Source of classification or shelving scheme Damaged status Not for loan Collection code Home library Current library Shelving location Date acquired Total Checkouts Full call number Barcode Date last seen Price effective from Koha item type
    Library of Congress Classification     Non-fiction Rongo University Library Rongo University Library General Stacks 22/07/2020   HV 6626 .V55 1997 201616280 22/07/2020 22/07/2020 Long Loan Books

© 2026 Rongo University
Contact us: librarian | system librarian | Rongo university